<?xml version="1.0" encoding="UTF-8"?>
<record
    xmlns:xsi="http://www.w3.org/2001/XMLSchema-instance"
    xsi:schemaLocation="http://www.loc.gov/MARC21/slim http://www.loc.gov/standards/marcxml/schema/MARC21slim.xsd"
    xmlns="http://www.loc.gov/MARC21/slim">

  <leader>00450nam a2200133Ia 4500</leader>
  <controlfield tag="008">230724s1999    xx                  und d</controlfield>
  <datafield tag="020" ind1=" " ind2=" ">
    <subfield code="a">8176710040</subfield>
  </datafield>
  <datafield tag="041" ind1=" " ind2=" ">
    <subfield code="a">eng</subfield>
  </datafield>
  <datafield tag="082" ind1=" " ind2=" ">
    <subfield code="a">690</subfield>
  </datafield>
  <datafield tag="100" ind1=" " ind2=" ">
    <subfield code="a">BARRY R.</subfield>
  </datafield>
  <datafield tag="245" ind1=" " ind2=" ">
    <subfield code="a">THE CONSTRUCTION OF BUILDINGS, VOL IV, 4TH EDITION, MULTI STOREY BUILDINGS, FOUNDATIONS, STEEL FRAMES, CONCRETE FRAMES, FLOORS WALL CLADDING.</subfield>
  </datafield>
  <datafield tag="260" ind1=" " ind2=" ">
    <subfield code="b">AFFILIATED EAST-WEST PRESS PVT LTD NEW DELHI.</subfield>
    <subfield code="c">1999</subfield>
  </datafield>
  <datafield tag="300" ind1=" " ind2=" ">
    <subfield code="a">178</subfield>
  </datafield>
  <datafield tag="999" ind1=" " ind2=" ">
    <subfield code="c">1172210</subfield>
    <subfield code="d">1172210</subfield>
  </datafield>
  <datafield tag="952" ind1=" " ind2=" ">
    <subfield code="0">0</subfield>
    <subfield code="1">0</subfield>
    <subfield code="4">0</subfield>
    <subfield code="7">0</subfield>
    <subfield code="a">ARP</subfield>
    <subfield code="b">ARP</subfield>
    <subfield code="d">2024-07-23</subfield>
    <subfield code="e">NULL</subfield>
    <subfield code="g">120.00</subfield>
    <subfield code="l">0</subfield>
    <subfield code="o">690</subfield>
    <subfield code="p">ARP-BARCH-1058</subfield>
    <subfield code="r">2024-07-23 00:00:00</subfield>
    <subfield code="w">2024-07-23</subfield>
    <subfield code="y">BK</subfield>
  </datafield>
</record>
